Attracting investors to African public-private partnerships a project preparation guide.

Bibliographic Details
Corporate Authors: World Bank., Infrastructure Consortium for Africa., Public-Private Infrastructure Advisory Facility., ProQuest (Firm)
Format: Electronic eBook
Language:English
Published: Washington, DC : [Tunisia] : [Washington, D.C.] : World Bank ; Infrastructure Consortium for Africa ; Public-Private Infrastructure Advisory Facility, c2009.
Subjects:
Online Access:Click to View
LEADER 01796nam a2200445 a 4500
001 EBC459651
003 MiAaPQ
005 20200520144314.0
006 m o d |
007 cr cn|||||||||
008 080822s2009 dcua sb i001 0 eng
010 |z  2008037292 
020 |z 9780821377307 
020 |z 0821377302 
020 |a 9780821377314 (electronic bk.) 
020 |a 0821377310 (electronic bk.) 
035 |a (MiAaPQ)EBC459651 
035 |a (Au-PeEL)EBL459651 
035 |a (CaPaEBR)ebr10257213 
035 |a (CaONFJC)MIL180550 
035 |a (OCoLC)560640635 
040 |a MiAaPQ  |c MiAaPQ  |d MiAaPQ 
043 |a f------ 
050 4 |a HD4338  |b .A77 2009 
082 0 4 |a 658.15/224  |2 22 
245 0 0 |a Attracting investors to African public-private partnerships  |h [electronic resource] :  |b a project preparation guide. 
260 |a Washington, DC :  |b World Bank ;  |a [Tunisia] :  |b Infrastructure Consortium for Africa ;  |a [Washington, D.C.] :  |b Public-Private Infrastructure Advisory Facility,  |c c2009. 
300 |a xii, 111 p. :  |b col. ill. 
504 |a Includes bibliographical references (p. 103-104) and index. 
533 |a Electronic reproduction. Ann Arbor, MI : ProQuest, 2015. Available via World Wide Web. Access may be limited to ProQuest affiliated libraries. 
650 0 |a Public works  |z Africa  |x Finance. 
650 0 |a Infrastructure (Economics)  |z Africa. 
650 0 |a Public-private sector cooperation  |z Africa. 
650 0 |a Investments, Foreign  |z Africa. 
655 4 |a Electronic books. 
710 2 |a World Bank. 
710 2 |a Infrastructure Consortium for Africa. 
710 2 |a Public-Private Infrastructure Advisory Facility. 
710 2 |a ProQuest (Firm) 
856 4 0 |u https://ebookcentral.proquest.com/lib/matrademy/detail.action?docID=459651  |z Click to View